书目信息 |
| 题名: |
致富妙典
|
|
| 作者: | 孔泽人 主编 | |
| 分册: | ||
| 出版信息: | 北京 北京燕山出版社 1996 |
|
| 页数: | 687页 | |
| 开本: | 20cm | |
| 丛书名: | 经国五典 | |
| 单 册: | ||
| 中图分类: | Z126.23 | |
| 科图分类: | 27.5216 | |
| 主题词: | 丛书--中国--中国--春秋时代 | |
| 电子资源: | ||
| ISBN: | 7-5402-0463-X | |
| 000 | 00728nam2 2200253 45 | |
| 001 | 1555722332 | |
| 005 | 20151110134440.75 | |
| 010 | @a7-5402-0463-X@b精装@dCNY39.20 | |
| 100 | @a19960813d1996 emky0chiy0121 ea | |
| 101 | 0 | @achi |
| 102 | @aCN@b110000 | |
| 105 | @ay z 000yy | |
| 200 | 10 | @a致富妙典@AZHI FU MIAO DIAN@e[管子]@E[ GUAN ZI ]@f孔泽人主编@FKONG ZE REN ZHU BIAN |
| 210 | @a北京@c北京燕山出版社@d1996 | |
| 215 | @a687页@d20cm | |
| 225 | 2 | @a经国五典@e文白对照全译本 |
| 410 | 0 | @120010@a经国五典 |
| 517 | 1 | @a管子@AGUAN ZI |
| 606 | @a丛书@x中国@y中国@z春秋时代 | |
| 690 | @aZ126.23@v4 | |
| 692 | @a27.5216 | |
| 701 | 0 | @a孔泽人@AKONG ZE REN@4主编 |
| 801 | 0 | @aCN@bTSSF@c20150123 |
| 905 | @aZUCC@dZ126.23@eJY4 | |
| 致富妙典:[管子]/孔泽人主编.-北京:北京燕山出版社,1996 |
| 687页;20cm.-(经国五典:文白对照全译本) |
| ISBN 7-5402-0463-X(精装):CNY39.20 |
| ● |
| 相关链接 |
|
|
|
|
正题名:致富妙典
索取号:Z126.23/JY4
 
预约/预借
| 序号 | 登录号 | 条形码 | 馆藏地/架位号 | 状态 | 备注 |
| 1 | 7840611 | 278406119 | 学院路分馆/ [索取号:Z126.23/JY4] | 在馆 |